Online
Catalog

Celebrando la respiración : (Record no. 24352)

MARC details
000 -CABECERA
campo de control de longitud fija 00706nam a2200205 a 4500
001 - NÚMERO DE CONTROL
campo de control 000024859
005 - FECHA Y HORA DE LA ÚLTIMA TRANSACCIÓN
campo de control 20200930023419.0
008 - DATOS DE LONGITUD FIJA--INFORMACIÓN GENERAL
campo de control de longitud fija 110207s1993 sp r 000 0 spa d
020 ## - NÚMERO INTERNACIONAL ESTÁNDAR DEL LIBRO
Número Internacional Estándar del Libro 8488066015
040 ## - FUENTE DE LA CATALOGACIÓN
Centro catalogador/agencia de origen DO-SdBNP
Lengua de catalogación spa
Centro/agencia transcriptor BNPHU
082 ## - NÚMERO DE LA CLASIFICACIÓN DECIMAL DEWEY
Número de clasificación nn*
Número de documento/Ítem nn*
049 ## - FONDOS LOCALES (OCLC)
Fondos de biblioteca BNGR
100 1# - ENTRADA PRINCIPAL--NOMBRE DE PERSONA
Nombre de persona Ray, Sondra.
9 (RLIN) 44722
245 10 - MENCIÓN DE TÍTULO
Título Celebrando la respiración :
Resto del título (renacimiento, libro II) o cómo sobrevivir a todo y sanar tu cuerpo /
Mención de responsabilidad, etc. Sondra Ray ; traducción de José Antonio Torres Almodóvar.
250 ## - MENCIÓN DE EDICIÓN
Mención de edición 2a ed.
260 ## - PUBLICACIÓN, DISTRIBUCIÓN, ETC.
Lugar de publicación, distribución, etc. Madrid :
Nombre del editor, distribuidor, etc. Neo-Person,
Fecha de publicación, distribución, etc. 1993.
300 ## - DESCRIPCIÓN FÍSICA
Extensión 183, [6] p. ;
Dimensiones 21 cm.
700 1# - PUNTO DE ACCESO ADICIONAL--NOMBRE DE PERSONA
Nombre de persona Torres Almodóvar, José Antonio,
Término indicativo de función/relación tr.
9 (RLIN) 51021
700 1# - PUNTO DE ACCESO ADICIONAL--NOMBRE DE PERSONA
Nombre de persona Garzón Valdés, Ernesto,
Término indicativo de función/relación tr.
9 (RLIN) 51010
Holdings
Estado de retiro Estado de pérdida Restricciones de uso No para préstamo Código de colección Localización permanente Ubicación/localización actual Ubicación en estantería Fecha de adquisición Número de inventario Total de préstamos Signatura topográfica completa Código de barras Fecha visto por última vez Precio válido a partir de Tipo de ítem Koha
        Monografías: Libros y Folletos General General En catalogación 07.02.2011 LF1   nn* nn* 24859-10 25.06.2020 25.06.2020 Préstamo en sala

Powered by Koha